[Event "9th Sunway Sitges 2022"]
[Site "Sitges ESP"]
[Date "2022.12.15"]
[Round "4.10"]
[White "Esipenko, Andrey"]
[Black "Kushal O"]
[Result "1-0"]
[WhiteTitle "GM"]
[WhiteElo "2678"]
[BlackElo "1801"]
[WhiteFideId "24175439"]
[BlackFideId "25652753"]
[EventDate "2022.12.12"]

1. e4 c5 2. Nf3 d6 3. d4 cxd4 4. Nxd4 Nf6 5. Nc3 a6 6. Be2 e5 7. Nb3 Be7 8. O-O
O-O 9. Re1 Be6 10. Bf3 Qc7 11. Be3 Nbd7 12. a4 Rfc8 13. a5 Rab8 14. Nd2 Bd8 15.
Nf1 b5 16. axb6 Nxb6 17. Bc1 Nc4 18. b3 Na5 19. Bd2 Qb7 20. Be2 Ra8 21. Ne3 Nc6
22. Nc4 Be7 23. Bg5 Ne8 24. Be3 Nd4 25. Bxd4 exd4 26. Nd5 Bxd5 27. exd5 Bf6 28.
Bd3 Rc5 29. Qf3 1-0

[Event "9th Sunway Sitges 2022"]
[Site "Sitges ESP"]
[Date "2022.12.15"]
[Round "4.11"]
[White "Sousa, Andre Ventura"]
[Black "Ivanchuk, Vasyl"]
[Result "1/2-1/2"]
[WhiteTitle "IM"]
[BlackTitle "GM"]
[WhiteElo "2466"]
[BlackElo "2673"]
[WhiteFideId "1917617"]
[BlackFideId "14100010"]
[EventDate "2022.12.12"]

1. d4 Nf6 2. c4 g6 3. Nc3 d5 4. cxd5 Nxd5 5. e4 Nxc3 6. bxc3 Bg7 7. Nf3 c5 8.
Be3 O-O 9. Rc1 Qa5 10. Qd2 Rd8 11. d5 e6 12. c4 Qxd2+ 13. Nxd2 b6 14. Be2 Na6
15. O-O Nb4 16. a3 Na2 17. Rc2 Nc3 18. Bd3 Ba6 19. Bg5 exd5 20. Bxd8 dxe4 21.
Bf6 exd3 22. Rxc3 Bxf6 23. Rxd3 Bd4 24. Rb1 Bc8 25. Rc1 Bf5 26. Rb3 Re8 27. Kf1
Kf8 28. h3 h5 29. Re1 Rd8 30. Ne4 Bg7 31. f3 Be6 32. Rc1 Rd4 33. Rbc3 Bh6 34.
R1c2 Bf5 35. Ke2 Bxe4 1/2-1/2

[Event "9th Sunway Sitges 2022"]
[Site "Sitges ESP"]
[Date "2022.12.15"]
[Round "4.12"]
[White "Woodward, Andy"]
[Black "Korobov, Anton"]
[Result "0-1"]
[WhiteTitle "IM"]
[BlackTitle "GM"]
[WhiteElo "2457"]
[BlackElo "2662"]
[WhiteFideId "30953499"]
[BlackFideId "14105730"]
[EventDate "2022.12.12"]

1. d4 e6 2. c4 f5 3. g3 Nf6 4. Bg2 c6 5. Nc3 d5 6. Nf3 Bd6 7. O-O O-O 8. b3 Nbd7
9. Bf4 Bxf4 10. gxf4 Ne4 11. Qc2 h6 12. Ne5 g5 13. Nd3 Ndf6 14. e3 Rf7 15. Ne2
Rg7 16. f3 Nd6 17. Ne5 Bd7 18. Kh1 Qe7 19. Ng3 gxf4 20. exf4 Kh8 21. Rae1 dxc4
22. bxc4 Rag8 23. Bh3 Be8 24. d5 cxd5 25. c5 Nc8 26. Qb2 Nh5 27. Nxh5 Bxh5 28.
Qf2 a6 29. c6 Nd6 30. cxb7 Nxb7 31. Nc6 Qf6 32. Qd4 Qxd4 33. Nxd4 Nc5 34. Re3
Rb7 35. Rc1 Rb4 36. Nc6 d4 37. Ra3 Rb3 38. Rxb3 Nxb3 39. Rf1 Nd2 0-1

[Event "9th Sunway Sitges 2022"]
[Site "Sitges ESP"]
[Date "2022.12.15"]
[Round "4.13"]
[White "Kaasen, Tor Fredrik"]
[Black "Demchenko, Anton"]
[Result "0-1"]
[WhiteTitle "IM"]
[BlackTitle "GM"]
[WhiteElo "2452"]
[BlackElo "2632"]
[WhiteFideId "1516647"]
[BlackFideId "4160258"]
[EventDate "2022.12.12"]

1. e4 e5 2. Nf3 Nc6 3. Bb5 a6 4. Ba4 d6 5. O-O Nf6 6. Re1 b5 7. Bb3 Be7 8. c3
Na5 9. Bc2 c5 10. h3 g5 11. d4 g4 12. hxg4 Nxg4 13. b4 Nc4 14. a4 Bd7 15. bxc5
dxc5 16. Nbd2 Bh4 17. Nxh4 Qxh4 18. Qf3 Qh2+ 19. Kf1 Rg8 20. Nxc4 bxc4 21. d5
Nh6 22. Qf6 Rg6 23. Qh8+ Ng8 24. Be3 Bg4 25. f4 Bf3 26. Qxe5+ Ne7 27. Re2 Rxg2
28. Qh8+ Kd7 0-1

[Event "9th Sunway Sitges 2022"]
[Site "Sitges ESP"]
[Date "2022.12.15"]
[Round "4.14"]
[White "Raja, Rithvik R"]
[Black "Petrosyan, Manuel"]
[Result "0-1"]
[WhiteTitle "GM"]
[BlackTitle "GM"]
[WhiteElo "2453"]
[BlackElo "2621"]
[WhiteFideId "35007394"]
[BlackFideId "13300857"]
[EventDate "2022.12.12"]

1. d4 d6 2. e4 Nf6 3. Nc3 g6 4. Nf3 Bg7 5. Be2 Bg4 6. Ng1 Bxe2 7. Ngxe2 Nbd7 8.
O-O c5 9. Be3 cxd4 10. Bxd4 O-O 11. Qd2 a6 12. a4 Rc8 13. Rfd1 Qc7 14. f3 Rfd8
15. Rac1 e6 16. b3 b6 17. Na2 d5 18. exd5 Nxd5 19. Bxg7 Kxg7 20. c4 N5f6 21. Qc3
Nc5 22. Nb4 Rxd1+ 23. Rxd1 Rd8 24. Nd3 a5 25. Nf2 Rxd1+ 26. Nxd1 Qd6 27. Ne3 Qd3
28. Qxd3 Nxd3 29. Nf1 Nd7 30. Nd2 Kf6 31. f4 Ke7 32. g3 f5 33. Nd4 Kd6 34. Kf1
Kc5 35. Nxe6+ Kb4 36. Nc7 N3c5 37. Nd5+ Ka3 38. Ke2 Nxb3 39. Nxb3 Kxb3 40. Kd3
Kxa4 41. Kc2 b5 42. Nc3+ Kb4 43. cxb5 Kc4 44. Kb2 Nb6 45. Ne2 Nd5 46. Ka3 Kxb5
47. Nd4+ Kc4 48. Ne6 Kd3 49. Nf8 Nf6 50. Ka4 Ke4 51. Kxa5 Kd5 52. Kb5 Kd6 0-1

[Event "9th Sunway Sitges 2022"]
[Site "Sitges ESP"]
[Date "2022.12.15"]
[Round "4.15"]
[White "Aryan, Chopra"]
[Black "Bulmaga, Irina"]
[Result "1-0"]
[WhiteTitle "GM"]
[BlackTitle "IM"]
[WhiteElo "2618"]
[BlackElo "2432"]
[WhiteFideId "5084423"]
[BlackFideId "13903063"]
[EventDate "2022.12.12"]

1. e4 e5 2. Nf3 Nc6 3. Bc4 Bc5 4. c3 Nf6 5. d4 exd4 6. e5 d5 7. Bb5 Ne4 8. cxd4
Bb6 9. Nc3 Bg4 10. Be3 O-O 11. h3 Bh5 12. Qc2 Nxc3 13. bxc3 f6 14. exf6 Qxf6 15.
Be2 Na5 16. O-O Bxf3 17. Bxf3 c6 18. Rae1 Nc4 19. Bc1 Qg6 20. Qd1 Ba5 21. Bh5
Qf6 22. Qb3 b5 23. g3 Qf5 24. Bg4 Qd3 25. Re6 Qxc3 26. Rxc6 Qxd4 27. Qxb5 Be1
28. Bf4 Rab8 29. Be6+ Kh8 30. Qxd5 Rxf4 31. gxf4 Bxf2+ 32. Rxf2 Rb1+ 33. Kg2
Ne3+ 34. Kf3 1-0

[Event "9th Sunway Sitges 2022"]
[Site "Sitges ESP"]
[Date "2022.12.15"]
[Round "4.16"]
[White "Nigmatov, Ortik"]
[Black "Bernadskiy, Vitaliy"]
[Result "1-0"]
[WhiteTitle "IM"]
[BlackTitle "GM"]
[WhiteElo "2439"]
[BlackElo "2617"]
[WhiteFideId "14202131"]
[BlackFideId "14100371"]
[EventDate "2022.12.12"]

1. e4 Nf6 2. e5 Nd5 3. Nc3 Nxc3 4. dxc3 d5 5. Be3 Nc6 6. f4 Bf5 7. Nf3 e6 8. Be2
Be7 9. O-O O-O 10. Bd3 Bxd3 11. Qxd3 f6 12. exf6 Bxf6 13. Bc5 Re8 14. Bd4 Nxd4
15. cxd4 c5 16. c3 cxd4 17. cxd4 Qb6 18. Rf2 Rac8 19. g4 Qc7 20. Qe3 Qf7 21. Re1
Qg6 22. h3 h5 23. g5 Bd8 24. Nh4 Qf7 25. f5 e5 26. f6 gxf6 27. gxf6 Bb6 28. Nf5
Bxd4 29. Nh6+ Kf8 30. Qg5 Bxf2+ 31. Kxf2 Qh7 32. f7 Qc2+ 33. Re2 Qc5+ 34. Kg2
Re6 35. Rf2 b6 36. Nf5 1-0

[Event "9th Sunway Sitges 2022"]
[Site "Sitges ESP"]
[Date "2022.12.15"]
[Round "4.17"]
[White "Garcia Ramos, Daniel"]
[Black "Safarli, Eltaj"]
[Result "0-1"]
[WhiteTitle "IM"]
[BlackTitle "GM"]
[WhiteElo "2439"]
[BlackElo "2616"]
[WhiteFideId "32010311"]
[BlackFideId "13402129"]
[EventDate "2022.12.12"]

1. e4 c5 2. Nf3 Nf6 3. Nc3 d5 4. exd5 Nxd5 5. Bb5+ Bd7 6. a4 Nf6 7. O-O a6 8.
Bxd7+ Nbxd7 9. d4 cxd4 10. Qxd4 e6 11. Bf4 Qb6 12. Qxb6 Nxb6 13. a5 Nc4 14. Ne5
Rc8 15. Nxc4 Rxc4 16. Be3 Bd6 17. Rfd1 Ke7 18. Rd3 Ng4 19. Rad1 Bxh2+ 20. Kh1
Bf4 21. Rd7+ Kf6 22. Bb6 Kg6 23. Rxb7 Rb4 24. Rd4 Nxf2+ 25. Kg1 Rxd4 26. Bxd4
Ng4 27. Ne2 Bd2 28. c3 Rd8 29. Rb6 Kf5 30. Ng3+ Kf4 31. Nf1 Bc1 32. Rb7 f5 33.
g3+ Kf3 34. Nh2+ Kxg3 35. Rxg7 h5 36. b4 Rd5 37. Bf2+ Kh3 38. Nxg4 fxg4 39. Kf1
h4 40. c4 Rd1+ 41. Ke2 Rd2+ 42. Ke1 g3 43. Bb6 Kg2 44. b5 h3 45. bxa6 h2 46. Rh7
Rf2 47. Bc5 Ra2 48. Bb4 Be3 0-1

[Event "9th Sunway Sitges 2022"]
[Site "Sitges ESP"]
[Date "2022.12.15"]
[Round "4.18"]
[White "Kollars, Dmitrij"]
[Black "Sammed Jaykumar, Shete"]
[Result "1-0"]
[WhiteTitle "GM"]
[BlackTitle "IM"]
[WhiteElo "2610"]
[BlackElo "2430"]
[WhiteFideId "12909572"]
[BlackFideId "5073421"]
[EventDate "2022.12.12"]

1. e4 c5 2. Nf3 d6 3. d4 cxd4 4. Nxd4 Nf6 5. Nc3 Nc6 6. Bg5 e6 7. Qd3 Be7 8.
O-O-O O-O 9. h4 Ne5 10. Qg3 Nh5 11. Qe3 f6 12. Bf4 Nxf4 13. Qxf4 a6 14. Qg3 Nc6
15. Bc4 Nxd4 16. Rxd4 Kh8 17. Bb3 e5 18. Rd2 f5 19. Kb1 f4 20. Qf3 Qe8 21. h5
Bd7 22. Nd5 Bd8 23. c3 a5 24. Bd1 b5 25. Qd3 Rb8 26. a3 Rb7 27. Bf3 Be6 28. Rc1
Bb6 29. b4 Qa8 30. Ra2 Rc8 31. Bd1 Qa7 32. Rcc2 Rbb8 33. Rd2 Bd8 34. Rab2 Bg5
35. Qf3 Qd7 36. Be2 Bd8 37. Rdc2 Qf7 38. bxa5 Bxa5 39. Bxb5 Bxd5 40. exd5 e4 41.
Qxe4 Qxh5 42. Ka2 Bxc3 43. Rb3 Bf6 44. Rxc8+ Rxc8 45. Rh3 Bh4 46. Bd3 g6 47. Qe6
Rd8 48. Bxg6 hxg6 49. g3 fxg3 50. fxg3 Kg7 51. Rxh4 Qe5 52. Re4 Qf5 53. Qe7+ Qf7
54. a4 Qxe7 55. Rxe7+ Kf6 56. Re6+ Kf5 57. Ka3 Rc8 58. a5 Rc3+ 59. Kb4 Rxg3 60.
a6 Rg1 61. Re3 Ra1 62. Ra3 Rb1+ 63. Ka5 Rb8 64. a7 Ra8 65. Kb6 Ke5 66. Ra5 g5
67. Kb7 1-0

[Event "9th Sunway Sitges 2022"]
[Site "Sitges ESP"]
[Date "2022.12.15"]
[Round "4.19"]
[White "Dardha, Daniel"]
[Black "Prraneeth, Vuppala"]
[Result "1/2-1/2"]
[WhiteTitle "GM"]
[BlackTitle "IM"]
[WhiteElo "2606"]
[BlackElo "2427"]
[WhiteFideId "240990"]
[BlackFideId "46622373"]
[EventDate "2022.12.12"]

1. Nf3 d5 2. e3 Nf6 3. c4 e6 4. b3 c5 5. Bb2 Nc6 6. cxd5 exd5 7. Bb5 Qb6 8. Nc3
Bd6 9. O-O O-O 10. Be2 Be6 11. Rc1 Nd7 12. d4 cxd4 13. Nb5 Be7 14. Nbxd4 Bf6 15.
Qd2 Rac8 16. Bd3 Nxd4 17. Bxd4 Bxd4 18. Nxd4 Ne5 19. Be2 Nc6 20. Nxe6 fxe6 21.
g3 Qb4 22. Rcd1 Rc7 23. f4 Qb6 24. Bg4 Ne7 25. Qd4 Nf5 26. Qxb6 axb6 27. Rfe1
Ra8 28. Rd2 Rac8 29. Bxf5 exf5 30. Rxd5 Rc2 31. Red1 R8c3 32. R1d3 Rc5 33. b4
R5c4 34. Rxf5 h6 35. Rd6 Re2 36. Rd1 Rcc2 37. Rh5 Rxa2 38. Rf1 Rab2 39. b5 Rxe3
40. Rf2 Rb1+ 41. Kg2 Reb3 42. Rd5 Rxb5 43. Rd7 R5b2 44. h3 h5 45. f5 Rxf2+ 46.
Kxf2 Rb5 47. g4 hxg4 48. hxg4 Rb3 49. Rxb7 Kf8 50. Kg2 Kg8 51. Rc7 Kf8 52. Rc6
Kf7 53. Kh2 Kf8 54. Kg2 Kf7 55. Kf2 Kf8 56. g5 Rb5 57. Kf3 Rxf5+ 58. Kg4 Rc5 59.
Rxb6 Rc8 60. Kf5 Kg8 1/2-1/2

[Event "9th Sunway Sitges 2022"]
[Site "Sitges ESP"]
[Date "2022.12.15"]
[Round "4.20"]
[White "Willow, Jonah B"]
[Black "Kraemer, Martin"]
[Result "1/2-1/2"]
[WhiteTitle "IM"]
[BlackTitle "GM"]
[WhiteElo "2409"]
[BlackElo "2583"]
[WhiteFideId "438804"]
[BlackFideId "4671910"]
[EventDate "2022.12.12"]

1. e4 c5 2. Nf3 d6 3. d4 cxd4 4. Nxd4 Nf6 5. Nc3 a6 6. Bd3 e5 7. Nde2 Be7 8. O-O
O-O 9. Ng3 Be6 10. Nd5 Nxd5 11. exd5 Bxd5 12. Bxh7+ Kxh7 13. Qxd5 Nc6 14. Nf5 g6
15. Qf3 Qc8 16. Nxe7 Nxe7 17. Rd1 d5 18. c4 dxc4 19. Qf6 Nf5 20. Qxe5 Qc6 21.
Qc3 Rae8 22. b3 Re4 23. Bb2 f6 24. bxc4 Rxc4 25. Qh3+ Kg7 26. Rac1 Rd8 27. Re1
Re8 28. Red1 Rd8 29. Re1 Re8 30. Red1 Rxc1 31. Bxc1 Rd8 32. Re1 Re8 33. Rd1 Qe6
34. g4 Qe2 35. Rd7+ Ne7 36. Bh6+ Kg8 37. Qb3+ Kh7 38. Qh3 Qe1+ 39. Kg2 Qe4+ 40.
Kg1 Qe1+ 41. Kg2 Qe4+ 42. Kg1 Qe1+ 1/2-1/2

[Event "9th Sunway Sitges 2022"]
[Site "Sitges ESP"]
[Date "2022.12.15"]
[Round "4.21"]
[White "Alsina Leal, Daniel"]
[Black "Gholami Orimi, Mahdi"]
[Result "1/2-1/2"]
[WhiteTitle "GM"]
[BlackTitle "IM"]
[WhiteElo "2527"]
[BlackElo "2415"]
[WhiteFideId "2252627"]
[BlackFideId "12558486"]
[EventDate "2022.12.12"]

1. e4 e5 2. Nf3 Nc6 3. d4 exd4 4. Bc4 Nf6 5. e5 d5 6. Bb5 Ne4 7. Nxd4 Bc5 8. Be3
O-O 9. Nxc6 bxc6 10. Bxc5 Nxc5 11. Bxc6 Rb8 12. Qxd5 Qe7 13. O-O Rxb2 14. Qd4
Rxc2 15. Nc3 Rd8 16. Nd5 Qf8 17. Rac1 Ne6 18. Qa4 Rd2 19. Qa5 Rd3 20. Rc3 Rxc3
21. Qxc3 Bd7 22. Bxd7 Rxd7 23. Qc6 Qd8 24. Rd1 Kh8 25. g3 Nf8 26. f4 Ng6 27. Rb1
h6 28. Rb8 Qxb8 29. Qxd7 Kg8 30. a4 Qb1+ 31. Kg2 Qe4+ 32. Kh3 c6 33. Ne7+ Nxe7
34. Qxe7 Qf5+ 35. Kg2 Qc2+ 36. Kh3 Qf5+ 37. Kg2 Qc2+ 38. Kg1 Qd1+ 39. Kf2 Qd2+
40. Kf3 Qd4 1/2-1/2

[Event "9th Sunway Sitges 2022"]
[Site "Sitges ESP"]
[Date "2022.12.15"]
[Round "4.22"]
[White "Bilych, Olexiy"]
[Black "Arjun, Kalyan"]
[Result "1/2-1/2"]
[WhiteTitle "FM"]
[BlackTitle "GM"]
[WhiteElo "2401"]
[BlackElo "2505"]
[WhiteFideId "14156504"]
[BlackFideId "35018701"]
[EventDate "2022.12.12"]

1. e4 c5 2. Nf3 d6 3. Nc3 Nc6 4. d4 cxd4 5. Nxd4 Nf6 6. Bg5 e6 7. Bb5 Qb6 8. Be3
Qc7 9. Be2 a6 10. g4 h6 11. h4 b5 12. Nxc6 Qxc6 13. Qd4 e5 14. Qd1 Be6 15. Bf3
Rc8 16. a3 Be7 17. Rc1 Bd8 18. Nd5 Bxd5 19. exd5 Qc4 20. Rg1 e4 21. Be2 Qxd5 22.
g5 hxg5 23. hxg5 Qxd1+ 24. Rxd1 Nd7 25. c4 bxc4 26. Rxd6 Ne5 27. Rxa6 Nd3+ 28.
Kd2 f5 29. gxf6 Bxf6 30. Rg4 c3+ 31. bxc3 Bxc3+ 32. Kc2 Bd4+ 33. Kd2 Bc3+ 34.
Kc2 Bd4+ 35. Kd2 1/2-1/2

[Event "9th Sunway Sitges 2022"]
[Site "Sitges ESP"]
[Date "2022.12.15"]
[Round "4.23"]
[White "Assylov, Miras"]
[Black "Gines Esteo, Pedro Antonio"]
[Result "0-1"]
[BlackTitle "GM"]
[WhiteElo "2044"]
[BlackElo "2500"]
[WhiteFideId "13728873"]
[BlackFideId "32080190"]
[EventDate "2022.12.12"]

1. e4 c6 2. d4 d5 3. Nc3 dxe4 4. Nxe4 Bf5 5. Ng3 Bg6 6. h4 h6 7. Nf3 e6 8. Ne5
Bh7 9. Bd3 Bxd3 10. Qxd3 Nd7 11. f4 Be7 12. h5 Ngf6 13. Bd2 O-O 14. O-O-O c5 15.
dxc5 Nxc5 16. Qxd8 Rfxd8 17. Ne2 Ncd7 18. Be3 Nd5 19. Bd4 f5 20. c4 N5f6 21. Rh3
Rdc8 22. a4 Ng4 23. Nxg4 Rxc4+ 24. Kb1 fxg4 25. Re3 Nf6 26. Rxe6 Kf7 27. Re5
Rxa4 28. Rc1 Bd6 29. Rb5 b6 30. b3 Ra5 31. Rxa5 bxa5 32. Rc6 Re8 33. Ng3 Bxf4
34. Nf5 Re1+ 35. Kb2 Nxh5 36. Ra6 Re2+ 37. Kc3 Rxg2 38. Rxa7+ Ke6 39. Nh4 Rh2
40. Ng6 Kf5 41. Nxf4 Nxf4 42. Rxa5+ Ke4 43. Re5+ Kf3 44. Re3+ Kg2 45. Re4 g5 46.
b4 g3 47. b5 Kf3 48. Re3+ Kg4 49. Kb3 Rd2 50. Bc5 Rd5 0-1

[Event "9th Sunway Sitges 2022"]
[Site "Sitges ESP"]
[Date "2022.12.15"]
[Round "4.24"]
[White "Sankalp, Gupta"]
[Black "Bai, Adelard"]
[Result "1-0"]
[WhiteTitle "GM"]
[BlackTitle "FM"]
[WhiteElo "2485"]
[BlackElo "2411"]
[WhiteFideId "5097010"]
[BlackFideId "16301188"]
[EventDate "2022.12.12"]

1. e4 e5 2. Nf3 Nc6 3. Bc4 Nf6 4. d3 h6 5. O-O d6 6. a4 g5 7. c3 Bg7 8. Re1 O-O
9. a5 a6 10. b4 Bg4 11. Nbd2 d5 12. exd5 Nxd5 13. Ne4 Nce7 14. Bb2 c6 15. h3 Bh5
16. Ng3 Bxf3 17. Qxf3 f5 18. Bb3 Qc7 19. Nh5 Bh8 20. Qe3 Kh7 21. Qc5 Kg6 22. Bd1
b6 23. axb6 Nxb6 24. c4 Nd7 25. Qxe7 Rfe8 26. Nf4+ gxf4 27. Bh5+ Kxh5 28. Qf7+
Kg5 29. h4+ Kxh4 30. Qxf5 e4 31. g3+ fxg3 32. Kg2 1-0

[Event "9th Sunway Sitges 2022"]
[Site "Sitges ESP"]
[Date "2022.12.15"]
[Round "4.25"]
[White "Abdurakhmonov, Mukhammadali"]
[Black "Clarke, Brandon G I"]
[Result "1-0"]
[WhiteTitle "IM"]
[BlackTitle "IM"]
[WhiteElo "2397"]
[BlackElo "2484"]
[WhiteFideId "14207346"]
[BlackFideId "400319"]
[EventDate "2022.12.12"]

1. d4 Nf6 2. Nf3 g6 3. Nbd2 d5 4. b3 Bg7 5. Bb2 c5 6. dxc5 Qa5 7. a3 Qxc5 8. e3
O-O 9. b4 Qc7 10. c4 a5 11. Rc1 axb4 12. axb4 dxc4 13. Bxc4 Qd6 14. b5 Nd5 15.
Bxg7 Kxg7 16. Qb3 Nb6 17. O-O Nxc4 18. Nxc4 Qf6 19. Qb4 Bf5 20. Nce5 Rc8 21.
Rxc8 Bxc8 22. Rd1 Qe6 23. h3 f6 24. Nd3 Qd7 25. Nb2 Qe8 26. Nc4 Nd7 27. e4 Nf8
28. Nb6 Rb8 29. Qc3 Bd7 30. Nxd7 Nxd7 31. Qc7 Nf8 32. e5 Kg8 33. exf6 exf6 34.
Rd6 f5 35. Rb6 Qc8 36. Qxc8 Rxc8 37. Rxb7 Ne6 38. b6 Rc1+ 39. Kh2 Rb1 40. Ne5 f4
41. Nd7 Kf7 42. Ra7 Nd8 43. Nc5+ Ke8 44. b7 Nc6 45. Ra6 1-0

[Event "9th Sunway Sitges 2022"]
[Site "Sitges ESP"]
[Date "2022.12.15"]
[Round "4.26"]
[White "Aditya, Mittal"]
[Black "Salimova, Nurgyul"]
[Result "1-0"]
[WhiteTitle "IM"]
[BlackTitle "IM"]
[WhiteElo "2479"]
[BlackElo "2390"]
[WhiteFideId "35042025"]
[BlackFideId "2915138"]
[EventDate "2022.12.12"]

1. Nf3 d5 2. d4 Nf6 3. c4 c6 4. Nc3 e6 5. Bg5 dxc4 6. e4 b5 7. e5 h6 8. Bh4 g5
9. Nxg5 hxg5 10. Bxg5 Be7 11. exf6 Bxf6 12. Bxf6 Qxf6 13. g3 Na6 14. Bg2 Bb7 15.
Ne4 Qe7 16. O-O O-O-O 17. h4 c5 18. a4 Rxd4 19. Qe2 b4 20. Rad1 Qc7 21. Rfe1
Rhd8 22. Rc1 Nb8 23. Ng5 Bd5 24. Bxd5 exd5 25. h5 Qd7 26. Qe5 Rg4 27. h6 Nc6 28.
Qf6 Nd4 29. Nxf7 Rh4 30. Nxd8 Qh3 31. Qa6+ Kd7 32. Qxa7+ Kxd8 33. Qe7+ Kc8 34.
Qe8+ Kc7 35. Re7+ Kb6 36. Qb8+ Kc6 37. Qc7# 1-0

[Event "9th Sunway Sitges 2022"]
[Site "Sitges ESP"]
[Date "2022.12.15"]
[Round "4.27"]
[White "Cheparinov, Ivan"]
[Black "Ilamparthi, A R"]
[Result "1-0"]
[WhiteTitle "GM"]
[WhiteElo "2688"]
[BlackElo "2336"]
[WhiteFideId "2905540"]
[BlackFideId "45015775"]
[EventDate "2022.12.12"]

1. e4 c5 2. Nf3 d6 3. d4 cxd4 4. Nxd4 Nf6 5. Nc3 g6 6. Be3 Bg7 7. f3 O-O 8. Qd2
Nc6 9. O-O-O d5 10. exd5 Nxd5 11. Nxc6 bxc6 12. Bd4 e5 13. Bc5 Re8 14. Ne4 Qc7
15. h4 f5 16. Nd6 Rd8 17. Nxc8 Raxc8 18. Bc4 h5 19. c3 Kh7 20. Qc2 Rb8 21. Bb3
Qa5 22. Bf2 Bh6+ 23. Kb1 Nf6 24. Qe2 Qc7 25. Qa6 e4 26. Qxa7 Rb7 27. Qa6 Rxd1+
28. Rxd1 e3 29. Be1 Rb5 30. Ba4 Rb6 31. Qc4 Qb8 32. Bb3 f4 33. Qd3 Bg7 34. c4 c5
35. Qd8 Qa7 36. Bc3 Re6 37. Bc2 Ra6 38. a4 Qf7 39. a5 Ra7 40. Rd6 Re7 41. a6 e2
42. Be1 Re8 43. Qa5 Qe7 44. Rd2 Qa7 45. Ba4 Re3 46. Bb5 Bh8 47. Qd8 Re6 48. Qc8
Re7 49. Rd8 Bg7 50. Qb8 Qxb8 51. Rxb8 Re6 52. a7 Rd6 53. a8=Q Rd1+ 54. Kc2 Rxe1
55. Kd2 1-0

[Event "9th Sunway Sitges 2022"]
[Site "Sitges ESP"]
[Date "2022.12.15"]
[Round "4.28"]
[White "Borocz, Istvan1"]
[Black "Moussard, Jules"]
[Result "0-1"]
[WhiteTitle "IM"]
[BlackTitle "GM"]
[WhiteElo "2334"]
[BlackElo "2684"]
[WhiteFideId "703036"]
[BlackFideId "642908"]
[EventDate "2022.12.12"]

1. e4 c5 2. Nf3 d6 3. d4 cxd4 4. Nxd4 Nf6 5. Nc3 a6 6. f4 e5 7. Nf3 Qc7 8. Bd3
Be7 9. O-O O-O 10. Kh1 Nbd7 11. Qe1 b5 12. a3 Re8 13. Nh4 Nb6 14. fxe5 dxe5 15.
Nf5 Bxf5 16. Rxf5 Nfd7 17. Be3 Bc5 18. Bd2 Bd4 19. Qg3 Re6 20. Raf1 Bxc3 21.
Bxc3 f6 22. Bd2 Nc4 23. Bh6 Nf8 24. Bc1 Qc6 25. Qg4 Rd8 26. R5f3 Red6 27. h4 Qd7
28. Qg3 Qf7 29. Qh3 Qd7 30. Qg3 Qf7 31. Qh3 Ne6 32. g4 Nf4 33. Bxf4 exf4 34.
Rxf4 Nxb2 35. g5 Nxd3 36. cxd3 Rxd3 37. R4f3 Rxf3 38. Qxf3 Qe6 39. gxf6 Rf8 40.
e5 Qxe5 41. f7+ Kh8 42. h5 Qe7 43. Rf2 h6 44. Kg2 a5 45. Qf5 b4 46. axb4 axb4
47. Qd5 b3 48. Qxb3 Qg5+ 49. Kf1 Qxh5 50. Qe6 Qb5+ 51. Kg1 Qg5+ 52. Kf1 Qb5+ 53.
Ke1 Qb4+ 54. Kf1 Qb1+ 55. Ke2 Qb4 56. Rf3 Kh7 57. Qf5+ g6 58. Qf6 Qc5 59. Rf4 h5
60. Rf3 Kh6 61. Ke1 Qg5 62. Qe6 Kg7 63. Kf2 Rb8 64. Qb3 Qc5+ 65. Qe3 Qxe3+ 66.
Rxe3 Kxf7 67. Kg3 Rb4 68. Rf3+ Kg7 69. Ra3 Kh6 70. Rc3 h4+ 71. Kf3 g5 72. Rc8
Rf4+ 73. Kg2 Kh5 74. Kh3 Rf3+ 75. Kg2 Ra3 76. Rc4 h3+ 77. Kh2 g4 78. Rc8 Ra2+
79. Kg3 Rg2+ 80. Kf4 h2 0-1

[Event "9th Sunway Sitges 2022"]
[Site "Sitges ESP"]
[Date "2022.12.15"]
[Round "4.29"]
[White "Tabatabaei, M. Amin"]
[Black "Heinemann, Josefine"]
[Result "1-0"]
[WhiteTitle "GM"]
[BlackTitle "WGM"]
[WhiteElo "2660"]
[BlackElo "2332"]
[WhiteFideId "12521213"]
[BlackFideId "12900460"]
[EventDate "2022.12.12"]

1. c4 e6 2. g3 d5 3. Bg2 Nf6 4. Nf3 dxc4 5. Qa4+ Nbd7 6. Qxc4 a6 7. Qc2 c5 8.
Nc3 Rb8 9. d4 cxd4 10. Nxd4 Bc5 11. Be3 Ng4 12. O-O-O Nxe3 13. fxe3 O-O 14. Kb1
Qe7 15. Ne4 Bb6 16. h4 Nf6 17. Nxf6+ Qxf6 18. Be4 Qh6 19. g4 Qxe3 20. Bxh7+ Kh8
21. Nf3 Qc5 22. Qxc5 Bxc5 23. Bc2 Be7 24. h5 Rd8 25. Rdf1 Kg8 26. g5 Bd7 27. h6
Bd6 28. hxg7 Bc6 29. Rh8+ Kxg7 30. Rh7+ Kg8 31. Rfh1 Kf8 32. g6 fxg6 33. Bxg6
Bxf3 34. Rf7+ Kg8 35. Rxf3 Rd7 36. Rg1 Rg7 37. Bf7+ Kh8 38. Rd1 Bc5 39. Bxe6 Re8
40. Bf7 Rf8 41. Rd7 b5 42. a3 b4 43. axb4 Bxb4 44. Rh3+ Rh7 45. Rxh7+ Kxh7 46.
Bc4+ Kg6 47. Bxa6 Kf6 48. Bc4 Rc8 49. b3 Rb8 50. Kc2 Rb6 51. e4 Rd6 52. Rf7+ Ke5
53. Bd5 Kd4 54. Rc7 Ba5 55. Rc4+ Ke3 56. b4 Bb6 57. Kb3 Kf4 58. Rc1 Ke5 59. Kc4
Be3 60. Re1 Bd2 61. Rd1 Bg5 62. Rg1 Be3 63. Rg8 Rh6 64. b5 Bb6 65. Rg5+ Kf6 66.
Rf5+ Ke7 67. Rf7+ Kd6 68. Rb7 Ke5 69. Bc6 Be3 70. Rb8 Ba7 71. Re8+ Re6 72. Ra8
Bb6 73. Rh8 Rd6 74. Rh5+ Ke6 75. Bd5+ Ke7 76. e5 Rg6 77. Rh7+ Kd8 78. e6 Rg4+
79. Kb3 Bc5 80. Rd7+ Ke8 81. Bc6 Kf8 82. Rf7+ Kg8 83. Bd5 Rb4+ 84. Kc3 Rxb5 85.
Kc4 Ra5 86. Rc7 1-0

[Event "9th Sunway Sitges 2022"]
[Site "Sitges ESP"]
[Date "2022.12.15"]
[Round "4.30"]
[White "Jones, Gawain C B"]
[Black "Priyanka, Nutakki"]
[Result "1-0"]
[WhiteTitle "GM"]
[BlackTitle "WGM"]
[WhiteElo "2630"]
[BlackElo "2316"]
[WhiteFideId "409561"]
[BlackFideId "25049615"]
[EventDate "2022.12.12"]

1. e4 e6 2. d4 d5 3. Nd2 c5 4. Ngf3 cxd4 5. Nxd4 Nc6 6. Bb5 Bd7 7. Nxc6 bxc6 8.
Bd3 Bd6 9. Qe2 e5 10. c4 d4 11. c5 Bxc5 12. Nc4 Bb4+ 13. Bd2 Qe7 14. f4 Bxd2+
15. Qxd2 f6 16. O-O Nh6 17. fxe5 O-O 18. exf6 Rxf6 19. Rxf6 Qxf6 20. Rf1 Qe7 21.
Qa5 Be6 22. Ne5 Bd5 23. exd5 Qxe5 24. Re1 Qg5 25. Qb4 Ng4 26. Qe7 Qxd5 27. b3
Qh5 28. Qd6 c5 29. Be2 Re8 30. h3 Rxe2 31. Rxe2 Nf6 32. Qe6+ Qf7 33. Qc8+ Qf8
34. Qe6+ Qf7 35. Qc8+ Qf8 36. Qxf8+ Kxf8 37. Re6 Kf7 38. Ra6 Ne4 39. Kf1 1-0